Les 62 joueurs français qui se sont qualifiés en finale de Coupe du monde - Statistiques

Statistiques générales
  • Ce quiz a été pris 861 fois
  • Le résultat moyen est 46 sur 65
Statistiques - réponses
Poste Joueur Finale(s) % Correct
Gardien Fabien Barthez 1998,2006
98%
Gardien Hugo Lloris 2018
97%
Gardien Steve Mandanda 2018
96%
Milieu Didier Deschamps 1998
95%
Sélectionneur Didier Deschamps 2018
95%
Milieu Zinédine Zidane 1998,2006
95%
Attaquant Thierry Henry 1998,2006
92%
Attaquant Kylian Mbappé 2018
91%
Défenseur Lilian Thuram 1998,2006
91%
Gardien Alphonse Areola 2018
90%
Attaquant Antoine Griezmann 2018
90%
Défenseur Raphaël Varane 2018
90%
Attaquant Olivier Giroud 2018
89%
Milieu Paul Pogba 2018
89%
Défenseur Laurent Blanc 1998
88%
Défenseur Benjamin Pavard 2018
87%
Attaquant David Trezeguet 1998,2006
86%
Défenseur Lucas Hernandez 2018
86%
Défenseur Samuel Umtiti 2018
86%
Milieu N'golo Kanté 2018
85%
Défenseur Bixente Lizarazu 1998
84%
Gardien Bernard Lama 1998
83%
Milieu Emmanuel Petit 1998
83%
Défenseur Marcel Desailly 1998
83%
Milieu Patrick Vieira 1998,2006
79%
Défenseur Adil Rami 2018
78%
Milieu Blaise Matuidi 2018
78%
Milieu Franck Ribéry 2006
78%
Sélectionneur Aimé Jacquet 1998
77%
Gardien Grégory Coupet 2006
76%
Attaquant Ousmane Dembélé 2018
75%
Sélectionneur Raymond Domenech 2006
75%
Milieu Youri Djorkaeff 1998
75%
Attaquant Stéphane Guivarc'h 1998
74%
Défenseur Benjamin Mendy 2018
73%
Attaquant Florian Thauvin 2018
73%
Attaquant Nabil Fekir 2018
73%
Défenseur Frank Leboeuf 1998
72%
Défenseur Djibril Sidibé 2018
71%
Défenseur Presnel Kimpembe 2018
70%
Milieu Steven Nzonzi 2018
70%
Milieu Claude Makélélé 2006
69%
Milieu Corentin Tolisso 2018
69%
Attaquant Christophe Dugarry 1998
68%
Défenseur Willy Sagnol 2006
67%
Milieu Christian Karembeu 1998
66%
Gardien Mickaël Landreau 2006
65%
Attaquant Thomas Lemar 2018
61%
Gardien Lionel Charbonnier 1998
60%
Défenseur William Gallas 2006
60%
Milieu Robert Pirès 1998
59%
Milieu Florent Malouda 2006
54%
Défenseur Eric Abidal 2006
53%
Défenseur Vincent Candela 1998
52%
Attaquant Sylvain Wiltord 2006
49%
Milieu Alain Boghossian 1998
46%
Attaquant Bernard Diomède 1998
44%
Milieu Alou Diarra 2006
36%
Milieu Sidney Govou 2006
34%
Défenseur Pascal Chimbonda 2006
31%
Attaquant Louis Saha 2006
27%
Défenseur Jean-Alain Boumsong 2006
26%
Milieu Vikash Dhorasoo 2006
26%
Défenseur Gaël Givet 2006
25%
Défenseur Mikaël Silvestre 2006
20%
Aucun quiz correspondant
Distribution des résultats
% des personnes avec chaque résultat
Percentile par nombre de réponses
Votre historique - résultats
Vous n’avez pas pris ce quiz